Régimen jurídico de las subvenciones públicas / José Pascual García
ISBN:
84-340-1092-5
Descripción Física:
438 p. ; 21 cm
MARC
| LEADER | 00000nam a2200000Ia 4500 | ||
|---|---|---|---|
| 001 | 17291 | ||
| 008 | 160829s1999 xx 000 0 cat d | ||
| 020 | |a 84-340-1092-5 | ||
| 080 | |a D-3-70 | ||
| 100 | |a Pascual García, José |9 423 | ||
| 245 | |a Régimen jurídico de las subvenciones públicas / José Pascual García | ||
| 250 | |a 3a ed. | ||
| 260 | |a Madrid : |b Boletín Oficial del Estado, |c 1999 | ||
| 300 | |a 438 p. ; |c 21 cm | ||
| 490 | |a Estudios jurídicos (Boletín Oficial del Estado) ; 6 | ||
| 650 | 0 | |a Subvencions |9 25202 | |
| 650 | 0 | |a Subvencions |x Dret i legislació |z Espanya |9 70195 | |
| 901 | |a Arxiu | ||
| 942 | |n 1 | ||
| 952 | |0 1 |1 0 |2 udc |4 0 |5 2 |6 D370 |7 1 |9 43501 |a Arxiu |b Arxiu |d 2016-12-01 |l 0 |o D-3-70 |p 17291 |r 2016-12-01 00:00:00 |w 2016-12-01 |y ARXIU | ||
| 999 | |c 46047 |d 46047 | ||